000 00424nam a2200157Ia 4500
003 OSt
005 20230525114020.0
008 211028s2010 xx 000 0 und d
040 _cAIMIT LIBRARY
041 _aeng
100 _aKairunnisa; Maheshwari, Uma.
_g81807
_99116
110 _aUma Maheshwari
_99117
245 _aSequence analysis of Cytotoxin of family elapidae.
260 _aMangalore
_c2010
942 _2ddc
_cPRO
999 _c220221
_d220221